00624nam a2200205Ia 450000500170000000800410001704000190005804100120007708200130008924500490010226000300015130000280018150400410020965000190025070000170026985000100028694200070029699900160030395200990031920230117120557.0131103s9999 xx 000 0 und d aLoreto College aEnglish a954bRAO aStudies in Indian Historycedited by V.D.Rao aKolhapurbY.P.Powarc1968 axvii,444 p.b ill.,maps aIncludes bibliographical references  aIndian History aRao,V.D.,ed. aLCLIB cBK c8950d59429 00102ddc4070aMAINbMAINd2013-11-04l0o954 RAO 17269pB8826r2013-11-04w2013-11-04yBKf